Crítica de la razón cínica
Guardat en:
| Autor principal: | |
|---|---|
| Format: | Llibre |
| Idioma: | espanyol |
| Publicat: |
Madrid
Siruela
2003
|
| Edició: | 2a. ed |
| Col·lecció: | Serie Mayor. Biblioteca de Ensayo, 23
|
| Matèries: | |
| Etiquetes: |
Afegir etiqueta
Sense etiquetes, Sigues el primer a etiquetar aquest registre!
|
MARC
| LEADER | 00000nam a2200000 a 4500 | ||
|---|---|---|---|
| 001 | UCJ1035 | ||
| 003 | CL-VaPUC | ||
| 008 | 060929e20030000SP |||||||||||||||||spa|d | ||
| 020 | |a 8478446591 | ||
| 082 | 0 | 4 | |a 193 |b SLO |2 21 |
| 100 | 0 | |a Sloterdijk, Peter |e author |9 501556 | |
| 245 | 1 | 0 | |a Crítica de la razón cínica |
| 250 | |a 2a. ed | ||
| 300 | |a 786 p | ||
| 942 | |c BK | ||
| 945 | |d 20060929 00:00:00 |a cmena | ||
| 260 | |a Madrid |b Siruela |c 2003 | ||
| 650 | 0 | |a Cinismo |9 501557 | |
| 650 | 7 | |a TEORIA DE LA FILOSOFIA |2 CL-VaPUC |9 501558 | |
| 650 | 0 | |a Historia de la filosofía |9 256920 | |
| 650 | 7 | |a FILOSOFOS ALEMANES |2 CL-VaPUC |9 501559 | |
| 583 | |a last modification |c 20060929 00:00:00 |k Rodrigo Vera | ||
| 490 | 0 | |a Serie Mayor. Biblioteca de Ensayo, 23 | |
| 999 | |c 317761 |d 317759 | ||
| 952 | |0 0 |1 0 |4 0 |6 193_000000000000000_SLO_2003 |7 0 |8 A |9 394663 |a BIBEDU |b BIBEDU |d 2019-11-22 |i 421062K |l 3 |o 193 SLO 2003 |p 421062K |r 2024-03-22 |s 2023-07-10 |w 2019-11-22 |y BK |k FIL | ||